00918nam a22002657a 45000010005000000030006000050050017000110080041000280200018000690400029000870500012001160820011001281000017001392450073001562500047002292600037002763000044003135050008003575200151003655210021005165210020005376500027005576500028005847000040006125451FISKH20241206162652.0241206b cb ||||| |||| 00| 0 eng d a9780545385787 aFISKHbengcFISKHdFISKH aD804.34 a940.53 aZullo, Allan aWe fought back : bteen registers of the Holocaust /cby Allan Zullo aFirst Scholastic printing , September 2012 aNew York : bScholastic ;c2012. a176 pages : billustrations ;c20 cm .  aZ  aTrue stories of teenage Jews who fought back against the Nazis primarily in eastern Europe by using tactics such as guerilla warfare and sabotage.8 a1090 bLexile 8 aZ bRaz-plus  aHolocaustvNon-fiction ahistoricalvNon-fiction aWindau, Jennifer Rinaldiedesigner